Der alte soldat. (Record no. 1128)

MARC details
000 -LEADER
fixed length control field 00595cam a22002291 4500
001 - CONTROL NUMBER
control field af 47001147
003 - CONTROL NUMBER IDENTIFIER
control field DLC
005 - DATE AND TIME OF LATEST TRANSACTION
control field 20260227110806.0
008 - FIXED-LENGTH DATA ELEMENTS--GENERAL INFORMATION
fixed length control field 791201s1943 gw 000 1 ger c
010 ## - LIBRARY OF CONGRESS CONTROL NUMBER
LC control number af 47001147
035 ## - SYSTEM CONTROL NUMBER
System control number (OCoLC)5749103
040 ## - CATALOGING SOURCE
Original cataloging agency Yale Univ. Library
Transcribing agency NAlU
Modifying agency DLC
042 ## - AUTHENTICATION CODE
Authentication code premarc
050 00 - LIBRARY OF CONGRESS CALL NUMBER
Classification number PT2619.A64
Item number A7
082 ## - DEWEY DECIMAL CLASSIFICATION NUMBER
Classification number 831.91
100 1# - MAIN ENTRY--PERSONAL NAME
Personal name Jakobs, Theodor,
Dates associated with a name 1896-
245 14 - TITLE STATEMENT
Title Der alte soldat.
260 ## - PUBLICATION, DISTRIBUTION, ETC.
Place of publication, distribution, etc. Hamburg,
Name of publisher, distributor, etc. Hanseatische verlagsanstalt
Date of publication, distribution, etc. [1943]
300 ## - PHYSICAL DESCRIPTION
Extent 35 p.
Dimensions 19 cm.
490 0# - SERIES STATEMENT
Series statement Hanseaten-bücherei
500 ## - GENERAL NOTE
General note Prose and poetry.

No items available.

Powered by Koha